| 000 | 00723nam a2200217 i 4500 | ||
|---|---|---|---|
| 001 | 34932 | ||
| 003 | ES-MaACL | ||
| 005 | 20230906155025.0 | ||
| 007 | t| | ||
| 008 | 030211s1945 ag |||| | spa d | ||
| 100 | 1 |
_aBonorino Udaondo, Carlos. _930296 |
|
| 245 | 1 | 0 |
_aTratado de patología digestiva / _cCarlos Bonorino Udaondo y Mariano R. Castex. |
| 260 |
_aBuenos Aires : _bAniceto López, _c1945. |
||
| 300 |
_a2 v. : _bil. ; _c27 cm. |
||
| 505 | 8 | _aContiene: I: Patología gástrica - II: Patología intestinal | |
| 650 | 0 | 4 |
_aAparato digestivo- _xEnfermedades. _99906 |
| 700 | 1 |
_aCastex, Mariano R. _936625 |
|
| 740 | 0 | 2 | _aPatología gástrica. |
| 740 | 0 | 2 | _aPatología intestinal. |
| 852 |
_aES-MaACL _jB-428-29 |
||
| 999 |
_c34932 _d34932 |
||